Plus grandes villes des pays commençant par J - Statistiques

Statistiques générales
  • Ce quiz a été pris 38 fois
  • Le résultat moyen est 8 sur 20
Statistiques - réponses
Nombre d'habitants Ville % Correct
38 000 000 habitants Tokyo
97%
19 500 000 habitants Osaka
88%
1 620 000 habitants Kyoto
73%
1 300 000 habitants Kingston
67%
4 600 000 habitants Amman
64%
10 400 000 habitants Nagoya
61%
1 800 000 habitants Hiroshima
58%
2 200 000 habitants Sapporo
52%
2 800 000 habitants Kobe
39%
5 900 000 habitants Fukuoka
36%
3 900 000 habitants Yokohama
30%
1 900 000 habitants Sendai
24%
1 550 000 habitants Kawasaki
15%
1 450 000 habitants Kumamoto
15%
1 350 000 habitants Saitama
15%
2 950 000 habitants Shizuoka-Hamamatsu
15%
1 400 000 habitants Niigata
12%
1 500 000 habitants Okayama
12%
1 950 000 habitants Irbid
3%
1 600 000 habitants Utsunomiya
3%
Aucun quiz correspondant
Distribution des résultats
% des personnes avec chaque résultat
Percentile par nombre de réponses
Votre historique - résultats
Vous n’avez pas pris ce quiz